000 01142nam a2200373 a 4500
001 20465
003 VRT
005 20260122143741.0
008 960531q1995 xo g p 000 p slo c
020 _a8088834120 (brož.)
035 _aUKB000184600
039 9 _a201302251055
_bgluc
_c201302251053
_dgluc
040 _aBAA001
_bslo
_cBAA001
_eAACR2
041 0 _aslo
044 _axo
_cSK
080 _a871-93-1(08)
243 1 0 _aAntická poézia
245 1 0 _aBásnické remeslo
_bvýber z antickej poézie
_c[prel. Vojtech Mihálik ... et al.]
260 _aRohovce
_bInterpopulart Slovakia
_c[1995]
300 _a129 s.
490 1 _aPopulart. Študentská knižnica
_v13
500 _aAntická poézia
504 _aBibliogr. s. 128
650 0 7 _aliteratúra latinská klasická
650 0 7 _apoézia
653 _a871-93-1(08)
700 1 _aMihálik, Vojtech,
_d1926-2001
_4trl
830 0 _aPopulart. Študentská knižnica
_v13
910 _aukb
942 _2ddc
_cKLDO
_n0
949 _61800004730
_a30.D.64384
_bPV.1821-96
949 _61800004731
_aSL.D.23193
_bPV.1822-96
949 _61800006910
_a30.D.64384
_bKD.178-96
999 _c20465
_d20465